| 000 | 00579nam a2200193Ia 4500 | ||
|---|---|---|---|
| 003 | OSt | ||
| 005 | 20200814094431.0 | ||
| 008 | 190216s9999||||xx |||||||||||||| ||und|| | ||
| 020 | _a8122411770 | ||
| 040 | _coclc | ||
| 082 |
_a547.1223 _bKAL/S |
||
| 100 |
_aKalsi, P S _94097 |
||
| 245 | 0 |
_aStereochemistry And Mechanism Through Solved Problems / _cP S Kalsi |
|
| 250 | _a3rd Ed. | ||
| 260 |
_bNew Age International Publishers, _c1996. _aNew Delhi: |
||
| 300 | _a397p | ||
| 650 | _aStereo Chemistry | ||
| 942 |
_cBK _2ddc _h547.1223 _iKAL/S _k547.1223 _mKAL/S |
||
| 999 |
_c2920 _d2920 |
||